000 00428nam a2200157Ia 4500
008 151213s9999 xx 000 0 und d
100 _aChristopher Hill
245 _aChristopher Hill Puritanism and Revaluation
_cChristopher Hill
250 _a1st
260 _aLondon
_bMartin Secker and Worly Limited
_c1958
300 _a4491 p.
650 _aHistory
650 _aReference
700 _aChristopher Hill
999 _c2866
_d2866